02708nam a2200433 i 4500001001200000003000800012006001900020007001500039008004100054020002500095020002200120020002700142040003500169035002100204050002100225111017200246245033600418264005700754264001200811300006500823336002100888337002300909338003200932490006200964504005301026588004701079590014701126650004001273650004001313650002601353650003901379655002201418700001901440776061301459797001202072830004702084856012602131999001702257ebr10828243CaPaEBRm o d cr cn|||||||||121127t20122012sz ad ob 101 0 eng|d z9783037854440 (pbk.) z3037854448 (pbk.) a9783038138587 (e-book) aCaPaEBRbengerdaepncCaPaEBR a(OCoLC)87266687714aTJ5b.I58 2012eb2 aInternational Conference on Optimization of the Mechanical Engineering, Manufacturing Systems, Robotics and Aerospacen(7th :d2012 :cMamaia, Romania),jissuing body.10aOptimization of the mechanical engineering, manufacturing systems, robotics and aerospace :bselected, peer reviewed papers from the 7th International Conference on Optimization of the Mechanical Engineering, Manufacturing Systems, Robotics and Aerospace (OPTIROB 2012), June 21-23, 2012, Mamaia, Romania /cedited by Adrian Olaru. 1aStafa-Zurich :bTTP Trans Tech Publications,c[2012] 4c�2012 a1 online resource (326 pages) :billustrations (some color). atext2rdacontent acomputer2rdamedia aonline resource2rdacarrier1 aApplied mechanics and materials,x1662-7490 ;vvolume 186 aIncludes bibliographical references and indexes. aDescription based on print version record. aElectronic reproduction. Palo Alto, Calif. : ebrary, 2014. Available via World Wide Web. Access may be limited to ebrary affiliated libraries. 0aMechanical engineeringvCongresses. 0aProduction engineeringvCongresses. 0aRoboticsvCongresses. 0aAerospace engineeringvCongresses. 0aElectronic books.1 aOlaru, Adrian.08iPrint version:aInternational Conference on Optimization of the Mechanical Engineering, Manufacturing Systems, Robotics and Aerospace.tOptimization of the mechanical engineering, manufacturing systems, robotics and aerospace : selected, peer reviewed papers from the 7th International Conference on Optimization of the Mechanical Engineering, Manufacturing Systems, Robotics and Aerospace (OPTIROB 2012), June 21-23, 2012, Mamaia, Romania.dStafa-Zurich : TTP Trans Tech Publications, [2012]h[a]-c, 321 pages ; 24 cm.kApplied mechanics and materials ; volume 186x1662-7490 ;z9783037854440w(DLC)175413642 aebrary. 0aApplied mechanics and materials ;vv. 186.40uhttp://site.ebrary.com/lib/rucke/Doc?id=10828243zAn electronic book accessible through the World Wide Web; click to view c84452d84452